Europa de las regiones y el futuro Federal de Europa Balance y perspectivas de la gobernanza multinivel de la Unin̤ Europea /

Detalles Bibliográficos
Autor principal: Bengoetxea, Joxerramon
Formato: eBook
Lenguaje:español
Publicado: Madrid: Dykinson, 2019
Materias:
Acceso en línea:Acceso restringido

MARC

LEADER 00000nam a22000007a 4500
005 20190829012229.0
007 cr|||| ||||
008 190829s2019 es |||||s|||| 00||0 spa d
020 |a 978-84-1324-150-0 
035 |a 24149 
040 |a vLex 
090 |c 9319  |d 9319 
100 1 |a Bengoetxea, Joxerramon 
245 1 0 |a Europa de las regiones y el futuro Federal de Europa  |h [Recurso electrn̤ico] :  |b Balance y perspectivas de la gobernanza multinivel de la Unin̤ Europea /  |c Joxerramon Bengoetxea 
256 |a Servicio en ln̕ea 
260 |a Madrid:  |b Dykinson,  |c 2019 
300 |a 1 recurso electrn̤ico 
500 |a Esta publicacin̤ recoge todas las intervenciones de las expertas y expertos que durante los da̕s 12 y 13 de julio de 2018 abordaron la reflexin̤ sobre el federalismo europeo y la Europa de las Regiones en el curso de verano organizado por EuroBasque, Consejo Vasco del Movimiento Europeo en la XXXVII edicin̤ de los Cursos de Verano de la UPV/EHU. Asimismo, tambiň recoge los trabajos de investigacin̤ premiados en el XVII Premio Francisco Javier de Landaburu UNIVERSITAS 2018. Es necesario recuperar la utopa̕, definir un nuevo proyecto que recoja las inquietudes y esperanzas de la ciudadana̕ y responda a sus temores, ofreciendo un horizonte ilusionante al que dirigirnos. Desde EuroBasque, nos comprometemos a seguir trabajando por la justicia social, la libertad, la democracia, la solidaridad y la diversidad impulsando una Europa federal. En el siglo XXI debemos ser, de nuevo, impulsores de una Europa capaz de sustituir los miedos por esperanzas y los desafo̕s globales por soluciones comunitarias. Deseamos una Europa federal abierta al mundo, que asuma su responsabilidad hacia los pueblos menos favorecidos y cuyo fundamento sea la ciudadana̕ europea. Y reafirmamos nuestra apuesta por una “unin̤ cada vez ms̀ estrecha entre los pueblos de Europa”. Queremos una Europa que otorgue un protagonismo real, tanto a las personas, como a las comunidades naturales que, como Euskadi conforman esa realidad plural y diversa que es Europa. Es vital incorporar las regiones y el federalismo a la reflexin̤ general sobre el futuro de la Unin̤ que se est ̀produciendo en las distintas arenas de la gobernanza multinivel europea, igualmente, conviene revisar hasta qu ̌punto la propia Unin̤ Europea puede considerarse una federacin̤ sui generis. Las regiones son claves en la arquitectura institucional europea, y es un momento adecuado para hacer balance. Este libro pretende contribuir en el debate sobre este tema, as ̕como divulgar los resultados del trabajo de investigadores e investigadoras procedentes tanto de nuestro entorno local como entorno global. 
506 1 |a Disponible solo en los productos indicados  |d vLex Global  |d vLex Global (Academic Edition, excluding Law Schools)  |d vLex Global (U.S. Academic Edition, Law Schools)  |d vLex Global (U.S. Academic Edition, excluding Law Schools)  |d vLex Global (Academic Edition, Law Schools) 
650 0 4 |a Derecho Tributario  |z Espaą 
650 0 4 |a Derecho Pb︢lico y Administrativo  |z Espaą 
650 0 4 |a Administracin̤ autonm̤ica  |z Espaą 
650 0 4 |a Administracin̤ local  |z Espaą 
650 0 4 |a Financiero  |z Espaą 
650 0 4 |a Derecho Constitucional  |z Espaą 
650 0 4 |a Derecho Internacional  |z Espaą 
740 0 |a vLex Libros (Servicio en ln̕ea) 
856 4 0 |u http://vlex.com/source/europa-de-las-regiones-y-el-futuro-federal-de-europa-balance-y-perspectivas-de-la-gobernanza-multinivel-de-la-union-europea-24149  |z Acceso restringido 
942 |c BOOK 
999 0 |a Tax Law 
999 0 |a Public and Administrative Law 
999 0 |a Autonomous administration 
999 0 |a Local Administration 
999 0 |a Financial 
999 0 |a Constitutional Law 
999 0 |a International Law